Clickable Blitz: Cars, Stars, Bars or Guitars? Quiz Stats

 Plays Quiz Updated Jan 14, 2019

Score 0/40 Timer 01:30
0 Plays Today
% Correct
BMW
94.5%
Cadillac
93.6%
Ford
93.2%
Ferrari
92.5%
Chevrolet
91.4%
Nissan
90.6%
Porsche
89.8%
Mercedes-Benz
89.1%
Toyota
88.7%
Aston Martin
87.9%
Gibson
87%
Fender
86.6%
Alpha Centauri
81.5%
Sirius
78.4%
Sun
77%
Polaris
76.4%
Schecter
72.2%
Green Dragon Tavern
69.2%
Achernar
69%
Arcturus
69%
% Correct
Teardrop Lounge
67.5%
Turf Supper Club
67.3%
Cane & Table
65.3%
Betelgeuse
64.8%
Epiphone
62.6%
Milk & Honey
61.2%
Spica
59.2%
Rickenbacker
58.4%
Canopus
57%
Ibanez
52.2%
Paul Reed Smith
51.4%
Martin
50.3%
Rigel
49.8%
Porchlight
46%
Taylor
45.9%
Jackson
39.3%
Good Luck
39%
Chandelier
36.7%
Dullboy
31.5%
Occidental
28%

You're not logged in!

Compare scores with friends on all Sporcle quizzes.
OR
Log In

You Might Also Like...

Show Comments

Extras

Top Quizzes Today


Score Distribution

Your Account Isn't Verified!

In order to create a playlist on Sporcle, you need to verify the email address you used during registration. Go to your Sporcle Settings to finish the process.

Report this User

Report this user for behavior that violates our Community Guidelines.

Details: